1053 1218 1400 1820 1447 1919 1507 1594 1881 1584 1555 1036 1496 1765 1910 1870 1836 1642 1597 1530 1707 1527 1842 1915 1765 1115 1884 1262 1303 1157 1055 1176 1113 1126 1279 1755 1105 1198 1401 1670 1612 1487 1938 1876 1776 1455 1058 1722 1450 1884 1505 1714 1919 1558 1025 1486 1013 1133 1722 1193 1041 1328 1279 1272 1899 1458 1794 1013 1084 1032 1799 1749 1491 1764 1891 1711 1604 1032 1089 1613 1461 1391 1243 1967 1976 1438 1517 1586 1068 1221 1306 1892 1971 1794 1228 1048 1478 1944 1844 BCNSPRNW ULIB Ver.6.0+V

เปลี่ยนเป็นภาษาไทย

Change to English
 แสดงรายละเอียดบรรณานุกรม
  กลับหน้าหลัก

Brief Record : Get Marc (ISO 2709) : E-mail record : QR code < ปิดหน้าต่าง
LEADER : 00000nam 2200000uu 4500
001    13399125574
003     ULIB
008    170701s2559||||th 000 0 tha d
020    ^a9786164130616
060 04 ^aWU140^bก357ต
100 0  ^aกอบกาญจน์ ทองประสม
245 00 ^aตำราภาพ ความผิดปกติของฟัน และโรคในช่องปาก /^cบรรณาธิการ, กอบกาญจน์ ทองประสม
246 30 ^aความผิดปกติของฟัน
246 30 ^aโรคในช่องปาก
250    ^aพิมพ์ครั้งที่ 1
260    ^aกรุงเทพฯ :^bศูนย์หนังสือจุฬาลงกรณ์มหาวิทยาลัย,^c2559
300    ^a139 หน้า :^bภาพประกอบ ;^c31 ซม.
505 0  ^a... ความผิดปกติของฟัน (Abnormalities of teeth) ... ความผิดปกติของเยื่อเมือกช่องปาก (Anomalies of oral mucosa) ... ถุงนํ้าและพยาธิสภาพของกระดูก (Cysts and bone pathology) ... โรคเหงือกและปริทันต์ (Periodontal diseases) ... การติดเชื้อในช่องปาก (Infections of the oral mucosa) ... แผลในช่องปาก (Oral ulceration) ... โรคผิวหนังและเนื้อเยื่อเกี่ยวพัน (Skin and connective tissue diseases) ... โรคในช่องปากที่มีแนวโน้มเกิดมะเร็ง (Potentially malignant disorders) ... เนื้องอกชนิดไม่ร้ายแรงและรอยโรคชนิดร้ายแรง (Benign tumors and malignant lesions) ... ความผิดปกติอื่นๆ (Miscellaneous)
650  7 ^aฟัน^xโรค
650  7 ^aฟัน^xความผิดปกติ
650  7 ^aปาก^xโรค
650  7 ^aเวชศาสตร์ช่องปาก
700 0  ^aพรพรรณ พิบูลย์รัตนกิจ.^tเนื้องอกชนิดไม่ร้ายแรงและรอยโรคชนืดร้ายแรง
700 02 ^aธิติพงษ์ พฤกษศรีสกุล.^tความผิดปกติของฟัน
700 02 ^aภาสวัชร์ วิริยกิจจา.^tความผิดปกติของเยื่อเมือกช่องปาก
700 02 ^aชาญวิทย์ ประพิณจำรูญ.^tถุงน้ำและพยาธิสภาพของกระดูก
700 02 ^aภัทรนฤน กาญจนบุษย์.^tโรคเหงือกและปริทันต์
700 02 ^aกอบกาญจน์ ทองประสม.^tการติดเชื้อในช่องปาก
700 02 ^aชาญวิทย์ ประพิณจำรูญ.^tแผลในช่องปาก
700 02 ^aกอบกาญจน์ ทองประสม.^tโรคผิวหนังและเนื้อเยื่อเกี่ยวพัน
700 02 ^aกอบกาญจน์ ทองประสม.^tโรคในช่องปากที่มีแนวโน้มเกิดมะเร็ง
710 2  ^aจุฬาลงกรณ์มหาวิทยาลัย.^bคณะทันตแพทยศาสตร์
710 2  ^aจุฬาลงกรณ์มหาวิทยาลัย.^bภาควิชาเวชศาสตร์ช่องปาก
945    ^p650^l0^i25231
999    ^aทศพร เกษรทอง
รายการนี้ยังไม่มีแท็ก
คุณยังไม่ได้ล็อกอิน คุณสามารถมีกิจกรรมร่วมกับเว็บไซต์ได้ แต่ต้องล็อกอินก่อน ::
  ล็อกอิน

รายการสื่อสารสนเทศ

ลำดับที่ ประเภท เลขเรียก/บาร์โค้ด สถานที่ สถานะ
1. วิทยาศาสตร์การแพทย์ และสุขภาพ
หนังสือสำรอง
สถานะ=หนังสือสำรอง
WU140 ก357ต ฉ.1 
  Barcode: 25231
ห้องสมุดวิทยาเขตนครสวรรค์
►หนังสือทั่วไป:l:General Books
บนชั้น

รายการใกล้เคียง
    ผู้แต่ง [กอบกาญจน์ ทองประสม]

    หัวเรื่อง [เวชศาสตร์ช่องปาก]

BibComment


ยังไม่เคยถูกคอมเมนท์

คอมเมนท์ทรัพยากรรายการนี้
  คอมเมนท์: ตำราภาพ ความผิดป..


 Copyright 2026. Bcnsprnw @Library